[Event "Grand Slam Final 8th"]
[Site "Bilbao"]
[Date "2015.11.02"]
[Round "5"]
[White "Anand, Viswanathan"]
[Black "So, Wesley"]
[Result "1/2-1/2"]
[WhiteElo "2803"]
[BlackElo "2760"]
[Annotator "Pavlovic,M"]
[PlyCount "116"]
[EventDate "2015.10.26"]
[EventType "tourn"]
[EventRounds "6"]
[EventCountry "ESP"]
[EventCategory "22"]
[SourceTitle "CBM 169"]
[Source "ChessBase"]
[SourceDate "2015.11.10"]
[SourceVersion "1"]
[SourceVersionDate "2015.11.10"]
[SourceQuality "1"]

1. c4 c5 2. Nf3 Nc6 3. d4 cxd4 4. Nxd4 Nf6 5. Nc3 e6 6. g3 Qb6 7. Nb3 {Not the
only move, 7.Ndb5 was played and analysed a lot, but it seems that Black is
doing ok.} ({For instance one possible line goes like this:} 7. Ndb5 Ne5 8. Bg2
a6 9. Qa4 Rb8 10. Be3 Bc5 11. Bxc5 Qxc5 12. Qa3 Qxa3 13. Nxa3 d6 {with equal
chances in this endgame.}) 7... Ne5 8. e4 Bb4 {This line is considered fine
for Black, and for that reason the Four Knights Variation in the English is
often played by many strong grandmasters.} 9. Qe2 d6 10. Bd2 a5 11. f4 Nc6 12.
Na4 {Another recent example is:} (12. Be3 Qc7 13. Nd2 $5 Bxc3 14. bxc3 e5 15.
Bg2 Ng4 16. Bg1 exf4 17. gxf4 Qe7 18. h3 Qh4+ 19. Kd1 Nf6 20. Be3 O-O 21. Qf2
Qxf2 22. Bxf2 Nh5 23. Be3 f5 {1-0 (45) Mareco,S (2599)-Krysa,L (2464) Villa
Martelli 2015; with interesting play for both sides.}) 12... Bxd2+ 13. Nxd2 Qa7
{Still a known position.} (13... Qb4 14. b3 $1 {Next a3 is unpleasant for
Black.}) 14. Nc3 $5 {A new idea, previously we saw} (14. Qf2 Nd4 15. Nf3 e5 16.
Nxd4 Ng4 $5 17. Qf3 exd4 18. c5 O-O 19. Rc1 Ne3 $17 {0-1 (24) L'Ami,E (2577)
-Volokitin,A (2678) Germany 2007; Black seized a strong initiative.}) 14... Nd4
15. Qd3 Ng4 16. Nd1 e5 {I am really not quite sure what Anand had in mind when
he opted for this line, but the position does appear fine for Black.} 17. Nf3
Nxf3+ 18. Qxf3 exf4 19. gxf4 O-O 20. h3 Nf6 21. Nc3 Be6 22. O-O-O (22. f5 Bd7
23. O-O-O Bc6 24. Rxd6 Rae8 25. Rxf6 (25. Bd3 Qc5 26. Qg3 Bxe4 {is also fine
for Black.}) 25... gxf6 26. Bd3 Kh8 {The sacrifice that doesn't give White
much, actually there is no compensation here.}) 22... Qc5 23. Rh2 $1 {This is
only for maintaining dynamic equality.} Bxc4 24. Bxc4 Qxc4 25. Rxd6 Rad8 26.
Rhd2 Rxd6 27. Rxd6 Rc8 28. Kb1 b5 29. Qd3 {An alternative is important and
should have been preferred now or one move later:} (29. e5 b4 30. Qd3 (30. exf6
bxc3 31. bxc3 Rb8+ 32. Kc1 Qxa2 $17) 30... Qxd3+ 31. Rxd3 bxc3 32. exf6 cxb2
33. Rd5 gxf6 34. Rxa5 Rc3 35. h4 Kg7 36. h5 Rc4 37. Rf5 Rb4 38. a3 Rb3 39. a4
Rb4 40. a5 h6 41. Rd5 Rxf4 42. Kxb2 f5 {This is fine for Black, but the
position is also ok for White, which compared with the game is a better choice.
}) 29... Qxd3+ 30. Rxd3 b4 31. Nd5 ({Again:} 31. e5 {was a better choice
transposing to the note above...}) 31... Rc4 $1 32. Nxf6+ (32. Nxb4 g6 33. Nd5
Nxe4 {with some initiative for Black.}) 32... gxf6 33. Rd5 Rxe4 34. Rxa5 Rxf4
35. Kc2 Kg7 {This endgame is of course preferable for Black.} 36. Kb3 Kg6 37.
Rb5 f5 38. Rxb4 Rxb4+ 39. Kxb4 Kh5 {Black has an advantage here.} 40. a4 f4 41.
a5 f3 42. a6 f2 43. a7 f1=Q 44. a8=Q Qxh3 45. Qd5+ Kg6 46. Ka5 h5 47. b4 Qf5 $2
{Giving White the chance to save the game. An alternative was clearly in
Black's favour:} (47... h4 $1 48. b5 Qa3+ 49. Kb6 h3 {Black has every reason
to try to win this.}) 48. Qxf5+ Kxf5 49. b5 h4 50. b6 h3 51. b7 h2 52. b8=Q
h1=Q 53. Qc8+ {It seems that Black can't escape from perpetual.} Ke5 54. Qe8+
Kf6 55. Qd8+ Kg6 56. Qg8+ Kf6 57. Qd8+ Ke6 58. Qe8+ Kd6 1/2-1/2

[Event "Biel GM"]
[Site "Biel"]
[Date "2006.08.01"]
[Round "8"]
[White "Pelletier, Yannick"]
[Black "Bruzon Batista, Lazaro"]
[Result "1-0"]
[WhiteElo "2583"]
[BlackElo "2667"]
[Annotator "Pelletier,Y"]
[PlyCount "84"]
[EventDate "2006.07.24"]
[EventType "tourn"]
[EventRounds "10"]
[EventCountry "SUI"]
[EventCategory "17"]
[SourceTitle "CBM 114"]
[Source "ChessBase"]
[SourceDate "2006.10.02"]
[SourceVersion "1"]
[SourceVersionDate "2006.10.02"]
[SourceQuality "1"]

1. Nf3 c5 2. c4 Nc6 3. d4 cxd4 4. Nxd4 Nf6 5. Nc3 e6 6. Bg5 {I have already
used this rare move several times with success. theory is correct in saying
that Black can equalise. But the same is true of the alternatives. Diesen
seltenen Zug habe ich schon mehrmals und erfolgreich angewandt. Die Theorie
behauptet zurecht, dass Schwarz ausgleichen kann. Aber dies gilt auch für die
Alternativen!} h6 7. Bh4 Qb6 8. Bxf6 $5 {The resulting structure promises na
exciting game. Die entstehende Struktur verspricht spannendes Spiel.} ({
But simply a good move was Einfach gut war aber} 8. Nb3 {in Timoscenko-Ortega,
Lido Estensi 2000:} d5 9. e3 dxc4 10. Bxc4 Qb4 11. Qe2 Ne4 12. a3 Nxc3 13. Qd3
$1 Qb6 14. Qxc3 $36) 8... gxf6 9. Nb3 f5 {Possibly Black should not play this 
(yet) and try to finish his development. 9...a6 followed by Qc7 is worth
considering. Möglicherweise sollte Schwarz dies (noch) nicht tun und versuchen,
seine Entwicklung zu beenden. 9...a6 gefolgt von Qc7 kommt in Frage.} 10. e3
Rg8 11. Qd2 a6 12. O-O-O Qc7 13. Kb1 ({An automatic move but the immediate Ein
automatischer Zug, aber der sofortige} 13. e4 $5 {was also worth considering.
kam natürlich auch in Frage.}) 13... b6 14. e4 f4 (14... fxe4 15. Nxe4 {
looks too dangerous. sieht zu gefährlich aus}) 15. g3 Bb7 ({After Nach} 15...
fxg3 16. hxg3 Bb7 {White can play kann Weiss} 17. Rh5 {, intending ziehen, mit
der Idee} O-O-O 18. c5 $5 $40) 16. gxf4 Rg4 17. Qe3 $2 ({Here we were already
short of time before reaching move 40. After Hier hatten wir bereits nicht
mehr so viel Zeit übrig bis zum 40. Zug. Nach} 17. f5 {White has an advantage.
besitzt Weiss Vorteil.}) 17... Qxf4 (17... Rxf4 {allows erlaubt} 18. Nd5 {
even if it is far from decisive. , auch wenn dies bei weitem nicht entscheidet:
} exd5 19. exd5+ Qe5 20. dxc6 Qxe3 21. cxd7+ Ke7 22. fxe3 $14) 18. Qxb6 Rb8 19.
f3 Rg5 20. Qf2 {White has won a pawn and bolstered his centre. But Black has
active pieces and attacking chances. Weiss hat einen Bauern gewonnen und sein
Zentrum befestigt. Aber Schwarz verfügt über aktive Figuren und
Angriffschancen.} Bc8 21. Bg2 ({The computer gives Der Computer gibt} 21. h4
Rg3 22. Be2 $16 {But i wanted to start my pawns moving. an. Ich wollte aber
meine Bauern in Bewegung setzen.}) 21... Bg7 22. Ne2 Qf6 23. Rd2 Na5 $1 24. f4
Nxc4 25. Rd4 Na5 ({A possible and interesting move was Möglich und interessant
war} 25... Rgb5 $5 26. Rhd1 (26. e5 Nxe5) (26. Rc1 Na5) 26... Rb4 $1 (26... Na5
27. Nc3 Nxb3 28. Nxb5 Nxd4 29. Nd6+ $1 Kf8 30. e5 Qg6+ 31. Be4 f5 32. Qxd4 fxe4
33. Rg1 Qh5 34. Rc1 $16) (26... Rxb3 27. axb3 Rxb3 28. e5 Nxe5 29. Nc3 $16) 27.
Rc1 (27. Nc3 d5 $1 $40) 27... d5 28. exd5 Kf8 $13) 26. Bf3 Rgb5 $2 $138 ({
But this is wrong now. After the correct Nun ist das aber verfehlt. Nach dem
richtigen} 26... Nxb3 27. fxg5 (27. axb3 Rgb5 28. e5 Qe7 29. Nc1 f6 $36) 27...
hxg5 (27... Nd2+ 28. Rxd2 Rxb2+ 29. Kc1 Qxg5 30. Rhd1 (30. Nd4 Rxd2 31. Qxd2
Bxd4 32. Qxg5 hxg5 33. h4 gxh4 34. Rxh4 $11) 30... Rxa2 31. Nd4 Qc5+ 32. Kb1
Ra4 33. Nb3 Qa3 34. Rb2 Rb4 35. Nd4 $14) 28. axb3 g4 29. Qg3 Qxf3 (29... gxf3
$2 30. Qxb8) 30. Qxb8 Qxh1+ 31. Ka2 Bxd4 32. Qxc8+ Ke7 33. Nxd4 Qxe4 34. Qc5+ {
there would arise a complicated situation, with chances for both sides.
entstünde eine komplizierte Stellung, wo die Chancen aber verteilt wären.}) 27.
e5 Qe7 28. Nec1 Nxb3 $6 ({Frees the c-file for it to be occupied by the white
rooks. So mor precise was Befreit die c-Linie für deren Besetzung durch die
weissen Türme. Genauer war deshalb} 28... f6 29. Rg1 $36 (29. Nxa5 $2 Rxb2+ 30.
Qxb2 Rxb2+ 31. Kxb2 fxe5 $40)) 29. Nxb3 f6 30. Rc1 $1 Kf8 31. Rdc4 $18 Bb7 $2
32. Bxb7 R8xb7 33. Rc8+ Kf7 34. Qf3 Kg6 35. Rg1+ Kh7 36. Qd3+ $4 $138 ({
Incredible! Unglaublich!} 36. Qh5 {mated in a few moves... setzte in wenigen
Zügen matt....}) 36... f5 37. Rg2 d6 (37... Rd5 $142 $16) 38. exd6 (38. Qxd6
$142 $18) 38... Qd7 39. Rcc2 $2 (39. Rc1 $16) 39... Rd5 40. Qg3 Qxd6 $4 $138 ({
It was blitz at this point and we did not know that this was move 40. After
Wir waren hier am blitzen und uns daher völlig unbewusst, dass dies der 40.
Zug war. Nach} 40... Rd1+ 41. Rc1 Qxd6 {White should force perpetual check.
sollte Weiss Dauerschach erzwingen.}) 41. Qg6+ Kh8 42. Rc8+ Qd8 1-0

[Event "Basel Hilton op 04th"]
[Site "Basel"]
[Date "2002.01.03"]
[Round "3"]
[White "Pelletier, Yannick"]
[Black "Lekic, Dusan"]
[Result "1-0"]
[WhiteElo "2568"]
[BlackElo "2402"]
[Annotator "Pelletier,Y"]
[PlyCount "97"]
[EventDate "2002.01.01"]
[EventType "swiss"]
[EventRounds "7"]
[EventCountry "SUI"]
[SourceTitle "CBM 088"]
[Source "ChessBase"]
[SourceDate "2002.03.21"]
[SourceVersion "1"]
[SourceVersionDate "2002.03.21"]
[SourceQuality "1"]

1. Nf3 c5 2. c4 Nc6 3. d4 cxd4 4. Nxd4 Nf6 5. Nc3 e6 6. Bg5 Be7 7. e3 O-O 8.
Rc1 (8. Be2 $142) 8... h6 9. Bh4 d5 10. cxd5 Nxd4 11. Qxd4 Nxd5 12. Bxe7 Nxe7 {
Falls er 8.Be2 gezogen hätte, könnte Weiss nun langrochieren, wie in einer
1962 ausgetragenen Partien zwischen Kortschnoj und Suetin. Nun ist aber das
Endspiel völlig ausgeglichen.} 13. Qxd8 Rxd8 14. Be2 Bd7 15. Bf3 Bc6 ({Genauer
war} 15... Rac8 {, um dann mit dem Turm auf c6 zurücknehmen zu können.}) 16.
Bxc6 Nxc6 17. Ke2 Kf8 18. f4 Ke7 19. g4 Rac8 20. h4 {Am Königsflügel wurde
zwar Raum gewonnen, aber das Gleichgewicht wurde dafür nicht gestört.} Na5 ({
Nach} 20... Nb4 {[%cal Gb4d3] hätte ich wohl kaum Wahl gehabt. Um das
Eindringen auf d3 zu verhindern, hätte ich mich auf einen generellen
Turmtausch einlassen müssen:} 21. Rhd1 Rxd1 22. Rxd1 Rd8 23. Rxd8 Kxd8 $11) 21.
b3 Rc6 22. Rc2 $5 ({Nun gibt es mindestens eine Kleinigkeit, auf welche ich
mein Spiel richten kann: der abseits stehende Na5. Die Alternative} 22. Nb5 {
hätte weniger gebracht:} Rdc8 23. Rxc6 Nxc6 24. Rd1 a6 25. Nd6 Rc7 $11 {
[%cal Gc7d7]}) 22... Rdc8 23. Rhc1 {[%csl Ra5]} a6 (23... b5 $2 24. b4) 24. e4
$1 b5 25. Kd3 b4 $1 ({Als ich meinen 22. Zug ausführte, hoffte ich auf das
Turmendspiel nach} 25... Rd8+ $2 26. Nd5+ $1 exd5 (26... Kd7 27. Nb4) 27. Rxc6
Nxc6 28. Rxc6 dxe4+ 29. Kxe4 {in welchem Weiss praktisch auf Gewinn steht.
Schwarz kann die Türme nämlich nicht tauschen, da} Rd6 30. Rxd6 Kxd6 31. Kd4
$18 {hoffnungslos wäre. Das nach dem Textzug entstehende Springerendspiel
verspricht leider weniger, als ich mir früher gedacht hatte.}) 26. Na4 Rxc2 27.
Rxc2 Rxc2 (27... Rd8+ 28. Ke3) 28. Kxc2 e5 $1 {Eine nötige Massnahme, um den
Raumnachteil zu kompensieren. Es darf nicht zugelassen werden, dass Weiss
selber e5 zieht.} 29. f5 Nb7 30. Kd3 a5 31. g5 hxg5 32. hxg5 g6 $2 ({Dieser
Zug erschien mir zuerst auch logisch, da Schwarz das Feld e6 für die Deckung
von e5 bekommt, aber eigentlich verliert er. Die richtige Verteidigungsidee
bestand darin, einen Aufbau mit f6 anzustreben, z.B:} 32... Kd6 33. Nb6 f6 $1
34. g6 (34. gxf6 gxf6 35. Kc4 Nc5 $11) (34. Ke3 Ke7 $11) 34... Ke7 35. Nd5+ Kf8
36. Nc7 Nc5+ 37. Ke3 Ke7 $11 {[%csl Re4] und Weiss kommt wegen der
Anfälligkeit von e4 nicht weiter.}) 33. f6+ Kd6 34. Nb2 Nc5+ ({Nach} 34... Ke6
35. Ke3 Nc5 36. Kf3 {entscheidet der Zugzwang. Falls man aber 34. Nb6? gezogen
hätte (anstelle von 34. Nb2), hätte Schwarz in dieser Alternative das rettende
36. ... Nd3 zur Verfügung.}) 35. Ke3 Ne6 (35... Ke6 36. Kf3 $22 $18) 36. Nc4+
Kc5 37. Nxa5 Nxg5 38. Nc4 Nh7 39. Nxe5 Nxf6 40. Nxf7 Ne8 $6 ({Hartnäckiger war
} 40... Ng4+ {, obwohl der Sieg nach} 41. Kf4 Nf2 42. Ne5 Kd4 43. Nf3+ Kc3 44.
e5 {nicht in Frage gestellt wäre;} Nd3+ 45. Ke4 Nxe5 46. Nxe5 Kb2 47. Kd3) 41.
Ne5 Nd6 42. Nxg6 Nb5 43. Ne5 Nc3 44. Nd3+ Kb5 45. Kd4 Nxa2 46. e5 Kc6 47. Kc4
Kd7 48. Nxb4 Nc1 49. Nd3 1-0

[Event "Bundesliga 0304"]
[Site "Germany"]
[Date "2003.11.22"]
[Round "3.4"]
[White "Pelletier, Yannick"]
[Black "Holzke, Frank"]
[Result "1-0"]
[WhiteElo "2604"]
[BlackElo "2472"]
[Annotator "Pelletier,Y"]
[PlyCount "81"]
[EventDate "2003.11.01"]
[EventType "team-tourn"]
[EventRounds "15"]
[EventCountry "GER"]
[SourceTitle "CBM 097 Extra"]
[Source "ChessBase"]
[SourceDate "2004.01.13"]
[SourceVersion "1"]
[SourceVersionDate "2004.01.13"]
[SourceQuality "1"]
[WhiteTeam "Werder Bremen"]
[BlackTeam "Wattenscheid"]
[WhiteTeamCountry "GER"]
[BlackTeamCountry "GER"]

1. Nf3 Nf6 2. c4 c5 3. Nc3 Nc6 4. d4 cxd4 5. Nxd4 e6 6. Bg5 Be7 7. e3 O-O 8.
Be2 b6 9. O-O Bb7 10. Ndb5 d5 $2 ({Da dieser direkte Befreiungsversuch
scheitert, sollte Schwarz} 10... Qb8 {spielen, mit Übergang zu einer
Igel-Stellung nach späterem d6.}) 11. Bxf6 Bxf6 12. cxd5 exd5 13. Qxd5 $1 Qxd5
14. Nxd5 Bxb2 15. Rab1 Be5 (15... Rad8 16. Bf3 Be5 17. Rfc1 $16) 16. f4 Bb8 $6
{[%csl Ra8]} ({Schwarz hätte lieber zuerst} 16... Rad8 {gespielt, aber er
übersah in der Variante} 17. fxe5 $6 ({besser sind jedoch} 17. Bf3 $14) ({und} 
17. Nxa7 $5 Rxd5 18. Rxb6 $1 Nxa7 19. Rxb7 Bb8 20. Rfb1 Rdd8 21. Bf3 $44 {
[%csl Ra7,Rb8,Rd8,Rf8]}) 17... Rxd5 18. Nd6 {den starken Zwischenzug} Rd2 $1
$13 (18... Ba8 $2 19. Bc4 $16)) 17. Bf3 Kh8 18. Kf2 ({Ich wollte mit meinem
Turm noch abwarten, aber genauer war wohl} 18. Rfc1 Nd8 (18... Na5 19. Kf2 $16)
19. Nbc7 (19. a4 Ne6 20. a5 $140 bxa5 21. Kf2 $14) 19... Bxc7 20. Rxc7 Rb8 21.
f5 $5 $16 {[%csl Rd8]}) 18... Nd8 19. g4 Ne6 20. g5 Bc6 21. Rfd1 Rd8 22. h4 (
22. f5 {funktionniert nicht wegen} Nxg5 23. Nxb6 Bg3+ $1 24. Kxg3 Bxf3 $132) ({
aber} 22. Rbc1 $5 Bxb5 23. Nc3 Bxf4 24. exf4 $16 {wäre stärker gewesen}) 22...
Bxb5 23. Rxb5 (23. Nc3 {gewinnt keinen Material wegen} Bd3 24. Rbc1 Bd6 $1 {
ganz knapp, aber Weiss behält etwas Druck nach} 25. Rxd3 (25. Bxa8 Ba3 $1)
25... Rac8 26. Rcd1 Bf8 27. Nd5 Rc2+ 28. R3d2 Rxd2+ 29. Rxd2 $14) 23... Bd6 24.
Rb2 Rac8 25. Rbd2 Bf8 26. h5 {[%csl Gd5,Rh8] Weiss besitzt ein klares
Übergewicht am Königsflügel, wo er die gegnerischen Kräfte völlig bindet. In
sich annähernder Zeitnot versucht Schwarz, am Damenflügel selber aktiv zu
werden, aber er öffnet dadurch nur Linien für die weissen Figuren.} Nc5 27. Kg3
Re8 28. Rd4 b5 (28... Ne6 29. Ra4) 29. e4 a5 $6 30. e5 b4 (30... Ne6 31. R4d2
$16) 31. Nb6 Rc7 (31... Rb8 32. Nd7 Rbd8 33. Nxc5 Rxd4 34. Rxd4 Bxc5 35. Rd7
$18) 32. Rd8 Rxd8 (32... Rce7 33. Bc6 (33. Nc8 Ne6 34. Rxe8 Rxe8 35. Nd6 $18)
33... Rxd8 34. Rxd8 Kg8 35. Bd5 $18) 33. Rxd8 {[%cal Ga8h8]} Kg8 (33... Ne6 34.
Ra8 $18) 34. Bd5 g6 35. h6 a4 36. Kg4 (36. Bc4 $18 {/\Nd5}) 36... b3 37. axb3
axb3 38. Bxb3 $1 Nxb3 (38... Rb7 39. Nd5 f5+ 40. exf6 Rxb3 41. Ne7+ Kf7 42.
Nxg6 $1 $18) 39. Nd5 f5+ 40. gxf6 Rc1 41. e6 1-0

[Event "Match/Team URS-World 20,5-19,5"]
[Site "Belgrade"]
[Date "1970.04.04"]
[Round "4.3"]
[White "Portisch, Lajos"]
[Black "Kortschnoj, Viktor Lvovich"]
[Result "1/2-1/2"]
[WhiteElo "2630"]
[BlackElo "2670"]
[Annotator "Portisch/Kortchnoi"]
[PlyCount "49"]
[EventDate "1970.03.29"]
[EventType "team"]
[EventRounds "4"]
[EventCountry "YUG"]
[SourceTitle "MCL"]
[Source "ChessBase"]
[SourceDate "1999.07.01"]
[SourceVersion "1"]
[SourceVersionDate "1999.07.01"]
[SourceQuality "1"]
[WhiteTeam "World"]
[BlackTeam "Soviet Union"]
[BlackTeamCountry "URS"]
[TimeControl "40/9000:16/5400:0"]

1. Nf3 c5 2. c4 Nf6 3. Nc3 Nc6 4. d4 cxd4 5. Nxd4 e6 6. g3 Qb6 7. Nb3 Ne5 (7...
Bb4 8. Be3 Qc7 9. Bg2 Ne5 10. c5 Nc4 11. Qc1 $14 {Kortschnoj=:K}) 8. e4 Bb4 9.
Qe2 O-O (9... a5 {Taimanov-Geller/22-ch URS/}) (9... d6 10. Bd2 $1 {/\ f4, Nb5
K}) 10. f4 Nc6 11. e5 Ne8 12. Bd2 $1 {Portisch=:P/K} f6 (12... d6 $4 13. exd6
Nxd6 (13... Nd4 14. Nxd4 Qxd4 15. O-O-O {K}) 14. c5 $18 {P/K}) 13. c5 Qd8 14.
a3 Bxc3 15. Bxc3 fxe5 16. Bxe5 (16. fxe5 $6 {P} Qg5) 16... b6 (16... Nxe5 17.
Qxe5 (17. fxe5 b6) 17... b6 18. Bg2 Ba6 $1 {K}) 17. Bg2 Nxe5 $2 {P/?! K} (17...
Bb7 $1 {P} 18. O-O Qc8 {[%csl Re2][%cal Gb7a6,Ga6f1]} 19. Rfd1 $2 (19. Rf2 $1)
19... Nxe5 20. Qxe5 Bxg2 21. Kxg2 Qc6+ 22. Kg1 Rf5 $36 {K}) (17... bxc5 18.
Bxc6 $16 {P}) 18. Bxa8 Nf7 (18... Ba6 19. Qxa6 (19. Qxe5 $6 Qxa8 20. O-O-O Bc4
21. Qc3 Bd5 22. Rhe1 Nf6) 19... Qxa8 20. O-O-O {K}) 19. Bg2 $2 (19. Bf3 $1 bxc5
20. Nxc5 Qb6 21. Qf2 Qb5 22. Be2 $1 $18 {P}) 19... bxc5 20. Nxc5 Qb6 $1 {P} 21.
Qf2 (21. b4 a5 22. Na4 Qb8 23. b5 {K}) 21... Qb5 $1 {P} (21... d5 22. f5 {K})
22. Bf1 $6 {The crucial point for the final overall result was Portisch giving
a draw to a completely lost Korchnoi. Fischer had something to say about it at
the time} (22. Rd1 $1 Ba6 23. Nd3 Nfd6 24. O-O $18) (22. O-O-O Nfd6 $1 {
[%cal Gd6c4,Gc8a6] Portisch}) (22. Bf3 d6 23. Ne4 Ba6 $44 {P}) 22... Qc6 23.
Bg2 Qb5 24. Bf1 Qc6 25. Bg2 (25. Rg1 Ne5 26. Be2 (26. Bg2 $4 Qxc5) 26... d6 27.
Qe3 {K}) 1/2-1/2